| 000 | 01568nam0a22004211 4500 | ||
|---|---|---|---|
| 001 | RU\NLR\bibl\332243 | ||
| 005 | 20250621145124.0 | ||
| 010 |
_a5-85803-207-9 _91000 |
||
| 021 |
_aRU _b2002-38216 _91869 |
||
| 035 | _a(NLR Aleph) 000327204 | ||
| 090 |
_a134280 _c134280 |
||
| 100 | _a20021025d2002 |||y0rusy50 ca | ||
| 101 | 0 | _arus | |
| 102 | _aRU | ||
| 105 | _ay ||||||||| | ||
| 200 | 1 |
_aОчерки культуры Кореи _dEssays of the Korean culture _fМ. В. Воробьев _gРос. акад. наук, Ин-т востоковедения, С.-Петерб. фил. |
|
| 210 |
_aСПб. _cПетерб. востоковедение _d2002 |
||
| 215 |
_a182 с. _d22 |
||
| 225 | 1 | _aOrientalia | |
| 320 | _aБиблиогр.: с. 176-182 | ||
| 510 | 0 | _aEssays of the Korean culture | |
| 607 |
_aКорея _xКультура _xИстория _92267200 _3RU\NLR\auth\661359029 |
||
| 610 | 0 | _aКорейская культура - История | |
| 610 | 0 | _aКорея, литературоведение | |
| 675 |
_a821.531.09 _v3 _zrus |
||
| 686 |
_a17 _2rugasnti |
||
| 686 |
_a83.3(5Кор) _2rubbk |
||
| 686 | _aТ3(5Ко)0-7 | ||
| 700 | 1 |
_4070 _aВоробьев _bМ. В. _cд-р ист. наук _f1922-1995 _gМихаил Васильевич _9141737 _3RU\NLR\AUTH\770141773 |
|
| 801 | 0 |
_aRU _bRKP _c20021025 _gPSBO |
|
| 801 | 1 |
_aRU _bRKP _c20021025 |
|
| 801 | 2 |
_aRU _bNLR _c20021210 _grcr |
|
| 852 |
_aNLR _bОЛСАА-сл-спр _j3-3902 |
||
| 942 | _cBOOK | ||
| 980 | _aNB | ||
| 980 | 1 | _aSL_SPR | |